| 000 | 00681nam a2200229 i 4500 | ||
|---|---|---|---|
| 001 | 110552 | ||
| 003 | ES-MaACL | ||
| 005 | 20230906185100.0 | ||
| 007 | t| | ||
| 008 | 070131s1998 fr ||||1| fre d | ||
| 080 | _a930.9".../14"(059.3) | ||
| 100 | 1 |
_aPapin, Yves D. _988873 |
|
| 245 | 1 | 0 |
_aChronologie de l'histoire ancienne / _cYves D. Papin. |
| 260 |
_aParis : _bJean-Paul Gisserot, _c[1998] |
||
| 300 |
_a126 p. ; _c19 cm. |
||
| 490 | 1 | _aBien connaitre | |
| 500 | _aBiblioteca Jacinto MartĂnez Lacalle. | ||
| 650 | 1 | 4 |
_aHistoria antigua- _vCronologĂa. _913388 |
| 830 | 0 |
_aBien connaitre _9185628 |
|
| 852 |
_aES-MaACL _jE-11558 _bR.139578 |
||
| 999 |
_c110552 _d110552 |
||